header

Chlorophyll organization and energy transfer in photosynthesis (Record no. 78108)

MARC details
000 -LEADER
fixed length control field 01576nam a2200385 a 4500
082 04 - DEWEY DECIMAL CLASSIFICATION NUMBER
Classification number 581.1/3342
245 10 - TITLE STATEMENT
Title Chlorophyll organization and energy transfer in photosynthesis
260 ## - PUBLICATION, DISTRIBUTION, ETC. (IMPRINT)
Place of publication Amsterdam ;
-- New York :
Name of publisher Excerpta Medica,
Year of publication 1979.
300 ## - PHYSICAL DESCRIPTION
Number of Pages xi, 374 p. :
Other physical details ill.
490 1# - SERIES STATEMENT
Series statement Ciba Foundation symposium ;
500 ## - GENERAL NOTE
General note Proceedings of the symposium held Feb. 7-9, 1978 in London.
650 #0 - SUBJECT ADDED ENTRY--TOPICAL TERM
Topical Term Photosynthesis
Topical Term Chlorophyll
Topical Term Energy transfer
856 40 - ELECTRONIC LOCATION AND ACCESS
Uniform Resource Identifier http://site.ebrary.com/lib/rucke/Doc?id=10575439

No items available.

© 2026 Rongo University
Contact us: librarian | system librarian | Rongo university